Statistics for Top 100 Biggest Cities in South Dakota

Click here to take the quiz!

General Stats

  • This quiz has been taken 149 times
    (118 since last reset)
  • The average score is 40 of 100

Answer Stats

CityPopulation% Correct
1Sioux Falls176,888
100%
2Rapid City74,421
100%
8Pierre14,004
95%
3Aberdeen28,388
91%
5Watertown22,222
84%
6Mitchell15,603
84%
7Yankton14,516
84%
4Brookings23,938
82%
11Vermillion10,772
81%
10Spearfish11,609
79%
16Sturgis6,908
74%
55Deadwood1,304
70%
44Custer1,932
68%
18Belle Fourche5,553
68%
35Chamberlain2,389
67%
19Tea5,448
65%
9Huron13,118
65%
17Harrisburg5,968
65%
81Wall872
63%
15Madison7,322
61%
12Brandon9,957
61%
30North Sioux City2,784
60%
22Hot Springs3,460
58%
13Box Elder9,498
58%
21Mobridge3,520
49%
27Lead2,978
47%
46Elk Point1,828
47%
29Winner2,844
47%
34Sisseton2,422
47%
42Beresford1,953
47%
20Dell Rapids3,652
47%
65Lemmon1,213
47%
23Canton3,430
46%
26Milbank3,133
44%
66Garretson1,172
44%
38Redfield2,295
44%
25Hartford3,237
42%
69De Smet1,067
40%
50Groton1,507
40%
40Fort Pierre2,150
40%
24Pine Ridge3,308
39%
59Salem1,277
39%
37Flandreau2,333
39%
36Lennox2,386
39%
47Webster1,773
39%
68Gettysburg1,116
37%
75Parker1,008
37%
51Parkston1,497
37%
28Blackhawk2,892
35%
60Platte1,272
35%
91Philip784
33%
43Springfield1,942
33%
32Dakota Dunes2,540
33%
61Gregory1,255
33%
62Britton1,249
33%
52Miller1,376
32%
70Martin1,067
32%
84Arlington862
32%
57Freeman1,289
32%
63Mission1,242
30%
88Lake Andes837
30%
74Hill City1,008
30%
83Howard867
28%
79Ipswich926
28%
31Summerset2,566
28%
73Tyndall1,044
26%
87Eureka840
26%
T48Rosebud1,587
26%
54Crooks1,318
26%
95Valley Springs747
25%
45Volga1,932
25%
97Alcester737
25%
64Clear Lake1,241
25%
77Whitewood947
25%
53Eagle Butte1,345
23%
14Rapid Valley8,260
23%
93Viborg770
23%
67Baltic1,171
23%
96Highmore738
23%
T48Wagner1,587
23%
72Clark1,047
23%
98Estelline736
23%
86Kyle846
23%
92Marion771
21%
58Fort Thompson1,282
21%
90Scotland817
19%
85Piedmont848
19%
82Centerville870
19%
80Wessington Springs921
19%
56Oglala1,290
18%
76Worthing978
18%
T99Faulkton725
16%
T99Wanblee725
16%
71Porcupine1,062
12%
33Colonial Pine Hills2,493
11%
78Green Valley928
9%
89Antelope826
7%
41North Eagle Butte1,954
5%
39North Spearfish2,221
5%
94Ashland Heights754
4%

Score Distribution

Percentile by Number Answered

Percent of People with Each Score

Your Score History

You have not taken this quiz since the last reset